Právne aspekty autonómnej mobility v SR a vo svete bakalárska práca

Guardado en:
Detalles Bibliográficos
Autor principal: Gazdaricová, Daniela
Autores Corporativos: Ekonomická univerzita v Bratislave. Národohospodárska fakulta, Univerzita Komenského v Bratislave. Právnická fakulta
Otros Autores: Hodás, Milan
Formato: Libro
Lenguaje:eslovaco
Publicado: Bratislava 2024
Etiquetas: Agregar Etiqueta
Sin Etiquetas, Sea el primero en etiquetar este registro!

MARC

LEADER 00000nbm a2200000 4500
001 0303022
005 20250611092139.6
041 0 |a slo 
044 |a SK 
245 1 0 |a Právne aspekty autonómnej mobility v SR a vo svete  |b bakalárska práca  |c Daniela Gazdaricová ; školiteľ: Milan Hodás 
264 1 |a Bratislava  |c 2024 
300 |a 54 s. 
100 1 |a Gazdaricová, Daniela 
700 1 |a Hodás, Milan 
710 2 |a Ekonomická univerzita v Bratislave. Národohospodárska fakulta 
710 2 |a Univerzita Komenského v Bratislave. Právnická fakulta